Stochastické modelovanie vplyvu e-mobility na NN distribučné siete
Enregistré dans:
| Auteur principal: | |
|---|---|
| Autres auteurs: | |
| Format: | Manuscrit Livre |
| Langue: | slovaque |
| Publié: |
Bratislava :
STU v Bratislave FEI,
2023
|
| Sujets: | |
| Accès en ligne: | https://opac.crzp.sk/?fn=detailBiblioFormChildOH6J3&sid=2D2C61E4341E53665B64173BFA9A&seo=CRZP-detail-kniha |
| Tags: |
Pas de tags, Soyez le premier à ajouter un tag!
|
MARC
| LEADER | 00000ntm a22000003a 4500 | ||
|---|---|---|---|
| 001 | stuzp89835 | ||
| 003 | SK-STU | ||
| 005 | 20241126111308.0 | ||
| 007 | ta | ||
| 008 | 150427s2015----xo-----f-mn---000-0-slo-d | ||
| 040 | |a STU |b slo | ||
| 041 | 0 | |a slo | |
| 044 | |a xo | ||
| 100 | 1 | |a Salamon, Marek |u 032000 |4 aut |U FEI Fakulta elektrotechniky a informatiky |T FEI Ústav elektroenergetiky a aplikovanej elektrotechniky |X 97560 |U E020 |Y 548 |7 97560 | |
| 242 | 0 | 1 | |a Stochastic Modeling of E-mobility Impact on LV Distribution Power Grid |y eng |
| 245 | 1 | 0 | |a Stochastické modelovanie vplyvu e-mobility na NN distribučné siete |
| 260 | |a Bratislava : |b STU v Bratislave FEI, |c 2023 | ||
| 300 | |a 122 s. | ||
| 650 | 4 | |a nabíjacie stanice |2 slo | |
| 650 | 4 | |a elektrické vozidlo |2 slo | |
| 650 | 4 | |a stochastická analýza |2 slo | |
| 650 | 4 | |a parametrizácia |2 slo | |
| 650 | 4 | |a stochastic analysis |2 eng | |
| 650 | 4 | |a parameterization |2 eng | |
| 650 | 4 | |a electric vehicle |2 eng | |
| 650 | 4 | |a charging station |2 eng | |
| 700 | 1 | |a Bendík, Jozef |u 032000 |k Z2 |4 ths |U FEI Fakulta elektrotechniky a informatiky |T FEI Ústav elektroenergetiky a aplikovanej elektrotechniky |X 6068 |U E020 |Y 548 |7 A000006068 | |
| 856 | 4 | |u https://opac.crzp.sk/?fn=detailBiblioFormChildOH6J3&sid=2D2C61E4341E53665B64173BFA9A&seo=CRZP-detail-kniha | |